Sports Quiz

Random Sports Quiz

Leading Disposals AFL 2017 Quiz Stats

 Plays Quiz not verified by Sporcle

Score 0/100 Timer 10:00
0 Plays Today
Disposals Answer % Correct
787Tom Mitchell
97%
667Dustin Martin
96.2%
538Sam Mitchell
94.1%
726Matt Crouch
93.5%
476Brad Crouch
93.3%
540Rory Sloane
89.2%
637Patrick Dangerfield
88.4%
659Clayton Oliver
84.4%
656Marc Murphy
84.1%
628Adam Treloar
83.3%
465Joel Selwood
82.2%
614Josh Kelly
79.8%
450Scott Pendlebury
79%
657Seb Ross
77.4%
638Zach Merrett
77.1%
505Marcus Bontempelli
76.8%
654Andrew Gaff
76.3%
555Nat Fyfe
76%
662Rory Laird
75.5%
649Taylor Adams
74.1%
606Dylan Shiel
73.6%
543Josh P. Kennedy
73%
608Mitch Duncan
70.6%
582Dyson Heppell
70.6%
526Jack Steven
70.6%
600Steele Sidebottom
69.3%
571Lachie Neale
69.3%
568Luke Parker
67.7%
523Trent Cotchin
67.7%
544Luke Shuey
66.8%
462Gary Ablett
66.3%
605Jack Macrae
65.8%
600Ollie Wines
65.5%
526Dayne Zorko
64.7%
Disposals Answer % Correct
590Bryce Gibbs
64.4%
613Sam Docherty
63.6%
593Callan Ward
63.6%
469Travis Boak
63.6%
439Nathan Jones
60.9%
500Isaac Smith
59%
467Brodie Smith
59%
511Ben Cunnington
57.1%
514Dayne Beams
56.3%
529Kade Simpson
52.3%
521Dan Hannebery
52%
455Matt Priddis
50.1%
422Jack Ziebell
46.4%
497Lachie Hunter
44.5%
480Tom Rockliff
43.7%
552Jake Lloyd
43.1%
431Dion Prestia
42.6%
588Brendon Goddard
42.3%
497Elliot Yeo
42%
569David Zaharakis
40.2%
493Shaun Higgins
40.2%
547Brad ****
39.4%
508Jack Billings
39.1%
450Jobe Watson
39.1%
518Brad Hill
37.2%
507Michael Hurley
35%
453Heath Shaw
34%
448David Mundy
33.2%
551Luke Dahlhaus
31.5%
484Tom Scully
31.3%
523Brandon Ellis
31%
500Jordan Lewis
30.2%
430Bachar Houli
29.6%
525Shaun Grigg
28.8%
Disposals Answer % Correct
463Sam Menegola
28%
440Luke Hodge
27.8%
487Aaron Hall
27.5%
458Jeremy Howe
26.4%
493Michael Hibberd
25.1%
441Jack Steele
24.3%
508Dylan Roberton
23.7%
455Zac Williams
22.6%
541Zach Tuohy
22.1%
444Jarrad Lyons
21.3%
482Richard Douglas
20.8%
473Jack Crisp
19.7%
455Liam Shiels
19.7%
481Rory Atkins
19.4%
469Daniel Rich
18.9%
466Jared Polec
18.9%
434Caleb Daniel
18.3%
448Shaun Burgoyne
18.1%
480Dom Tyson
17.3%
429Jason Johannisen
17.3%
505Jack Newnes
17%
428Dom Sheed
16.4%
426Toby McLean
16.2%
446Kane Lambert
15.6%
463Luke McDonald
14.8%
428Lewis Taylor
13.5%
442Lachie Weller
11.3%
486Sam Gibson
11.1%
429Andrew Mackie
11.1%
457Matt Suckling
8.4%
426Ryan Burton
7.8%
440Sam Mayes
5.9%

You're not logged in!

Compare scores with friends on all Sporcle quizzes.
OR
Log In

Sporcle TV

Today on Sporcle TV


Watch our educational content, quiz creation guides, and fun videos on Sporcle TV.

Show Comments

Extras

Top Quizzes Today


Score Distribution

Your Account Isn't Verified!

In order to create a playlist on Sporcle, you need to verify the email address you used during registration. Go to your Sporcle Settings to finish the process.

Report this User

Report this user for behavior that violates our Community Guidelines.

Details: